000 00296nam a2200109Ia 4500
001 1264699
005 20260417141946.0
008 260417s9999 xx 000 0 und d
020 _a9789753167345
245 0 _aEvliler Korksun Bekarlar Titresin
_cCarmen Rico-Godoy
260 _bEverest Yayınları
999 _c1264699
_d1264699